000 00563cam a2200169 4500
001 ABS60909
008 000000n1999 000 0 eng u
035 _a(Sirsi) u101439
100 _aSpring, M.
245 _aImproved circulation.
260 _c1999
490 _aBuilding
_v264(8097) 16 July 1999, 36-41(4)
520 _aReviews the new ACAD Centre at the Middlesex Hospital, north-west London - the first walk-through hospital in the UK. Diagrams and cost analysis.
650 _aHOSPITALS
690 _aBUILDING AND CONSTRUCTION-PROJECTS
942 _n0
999 _c60579
_d60579